000 00291nam a2200133Ia 4500
100 _aAgarwal/ R.D.
942 _cBK
654 _amanagement
245 _aOrganisation & management
260 _bTata Mc Graw hill
_aNew Delhi
_c1982
082 _a658.4
300 _a708
546 _aENGLISH
999 _c27735
_d27735